Autumn harvest (Record no. 86908)
[ view plain ]
| 000 -LEADER | |
|---|---|
| fixed length control field | 01241nam a2200337 a 4500 |
| 100 1# - MAIN ENTRY--AUTHOR NAME | |
| Personal name | Frost, Stanley Brice. |
| 245 10 - TITLE STATEMENT | |
| Title | Autumn harvest |
| 260 ## - PUBLICATION, DISTRIBUTION, ETC. (IMPRINT) | |
| Place of publication | Montreal : |
| Name of publisher | McGill University Libraries, |
| Year of publication | c2002. |
| 300 ## - PHYSICAL DESCRIPTION | |
| Number of Pages | xv, 316 p. |
| 490 1# - SERIES STATEMENT | |
| Series statement | Fontanus monograph series ; |
| 500 ## - GENERAL NOTE | |
| General note | Includes index. |
| 650 #0 - SUBJECT ADDED ENTRY--TOPICAL TERM | |
| Topical Term | Nature |
| Topical Term | Historical poetry. |
| Topical Term | Religion |
| 856 40 - ELECTRONIC LOCATION AND ACCESS | |
| Uniform Resource Identifier | http://site.ebrary.com/lib/rucke/Doc?id=10577912 |
No items available.
